00747nam a2200241 a 4500001001000000003000500010005001700015008004100032010001100073011001100084020001800095040000900113082001500122100003100137245015400168260002900322300002800351650001100379650003300390650003400423700001900457700002900476000107804CHAP20220329143944.0131106s2008 ck a |r| |||||||spa d a104266 a105238 a9789586485685 cCHAP04a005.3bC261 aCardona T., José Gerardo10aExcel :baplicaciones en álgebra, estadística, probabilidad y física /cpor José Gerardo Cardona T., Luz María Rojas Duque y Fernando Mesa. aBogotá :bEcoe,c2008. a120 p. :bil., gráfs.14aExcel.14aLenguajes de programación.14aProgramación (Computadoras)1 aMesa, Fernando1 aRojas Duque, Luz María